LEADER 01406nam 2200409 450 001 000016777 005 20060220122720.0 010 $a0-12-182071-8 100 $a20031015d1989----km-y0itay0103----ba 101 0 $aeng 102 $aUS 200 1 $aNucleosomes$fedited by Paul M. Wassarman, Roger D. Kornberg 210 $aSan Diego...[etc.]$cAcademic Press$dc1989 215 $aXXIX, 683 p.$cill.$d24 cm 225 2 $aMethods in enzymology$v170 410 1$12001$aMethods in enzymology$v170 606 $aNucleosomi 676 $a572.87$v(21. ed.)$9Genetica biochimica. Cromosomi 702 1$aWassarman,$bPaul M. 702 1$aKornberg,$bRoger D. 801 0$aIT$bUniversità della Basilicata - B.I.A.$gRICA$2unimarc 912 $a000016777 996 $aNucleosomes$981977 997 $aUNIBAS BAS $aAGRARIA CAT $aSTD031$b01$c20031015$lBAS01$h1330 CAT $aTORRE$b20$c20031016$lBAS01$h1823 CAT $aTORRE$b20$c20031027$lBAS01$h0940 CAT $aTORRE$b20$c20031027$lBAS01$h0943 CAT $c20050601$lBAS01$h1755 CAT $abatch$b01$c20050718$lBAS01$h1053 CAT $c20050718$lBAS01$h1112 CAT $c20050718$lBAS01$h1142 CAT $c20050718$lBAS01$h1156 CAT $aTTM$b30$c20060220$lBAS01$h1227 FMT Z30 -1$lBAS01$LBAS01$mBOOK$1BASA2$APolo Tecnico-Scientifico$2DID$BDidattica$3PTS$673632$5A73632$820031015$f98$FConsultazione